LEADER 00927nam0-22002771i-450- 001 990001672300403321 005 20050524115711.0 035 $a000167230 035 $aFED01000167230 035 $a(Aleph)000167230FED01 035 $a000167230 100 $a20030910d18811883km-y0itay50------ba 101 0 $aita 200 1 $aRelazione della Direzione generale delle Imposte Dirette del Catasto e del Macinato per gli anni 1880-1883$fMinistero delle Finanze 210 $aRoma$cTip. Botta$d1881-1883 215 $a4 v.$d30 cm 610 0 $aImposte dirette 676 $a336.294 710 02$aItalia.$bMinistero delle finanze$0356818 801 0$aIT$bUNINA$gRICA$2UNIMARC 901 $aBK 912 $a990001672300403321 952 $a60 336.21 A 4$b23021$fFAGBC 959 $aFAGBC 996 $aRelazione della Direzione generale delle Imposte Dirette del Catasto e del Macinato per gli anni 1880-1883$9370876 997 $aUNINA